ბათუმის შოთა რუსთაველის სახელმწიფო უნივერსიტეტის ბიბლიოთეკა

მტკვარქვეშ ნაწერი ლექსები (ბიბ.ჩანაწერი № 48817)

000 -LEADER
fixed length control field 00684nam a2200205Ia 4500
001 - CONTROL NUMBER
control field 15719
003 - CONTROL NUMBER IDENTIFIER
control field GE_BSU
008 - FIXED-LENGTH DATA ELEMENTS--GENERAL INFORMATION
fixed length control field 181216s||||||||xx |||||||||||||| ||und||
040 ## - CATALOGING SOURCE
Transcribing agency GE_BSU
080 ## - UNIVERSAL DECIMAL CLASSIFICATION NUMBER
Universal Decimal Classification number 821.353.1-1
100 ## - MAIN ENTRY--PERSONAL NAME
Personal name წერეთელი, გიორგი
245 ## - TITLE STATEMENT
Title მტკვარქვეშ ნაწერი ლექსები
245 ## - TITLE STATEMENT
Statement of responsibility, etc. რედ.მ.არაბული. მხატვ.გ.ლომიძე
260 ## - PUBLICATION, DISTRIBUTION, ETC.
Place of publication, distribution, etc. თბილისი
260 ## - PUBLICATION, DISTRIBUTION, ETC.
Name of publisher, distributor, etc. ნაკადული
260 ## - PUBLICATION, DISTRIBUTION, ETC.
Date of publication, distribution, etc. 1990
300 ## - PHYSICAL DESCRIPTION
Extent 134 გვ. ; 16 სმ
653 ## - INDEX TERM--UNCONTROLLED
Uncontrolled term მტკვარქვეშ ნაწერი ლექსები
942 ## - ADDED ENTRY ELEMENTS (KOHA)
Koha item type წიგნი
ეგზემპლარები
Withdrawn status Lost status Damaged status Not for loan Date acquired Barcode Date last seen Price effective from Koha item type
        2018-12-17 38964 2018-12-17 2018-12-17 წიგნი
        2018-12-17 38965 2018-12-17 2018-12-17 წიგნი
        2018-12-17 38966 2018-12-17 2018-12-17 წიგნი
        2018-12-17 38967 2018-12-17 2018-12-17 წიგნი
        2018-12-17 38968 2018-12-17 2018-12-17 წიგნი